000 00876nam a22003137a 4500
001 0053185
003 KOHA_MİRAKIL
005 20260207003910.0
007 ta
008 150629b2013 tu |||gr||||#||||0|tur |
020 _a9786055895358
040 _aTR-BiSEU
_btur
_cTR-BiSEU
_erda
041 0 _atur
044 _ctu
050 _aML345.T8
_bA83 2013
100 1 _aAtamer, Metin .
245 1 _aNağmelerin öyküleri/
_cMetin Atamer ; Metin Atamer.
264 1 _aİstanbul :
_bYeni İnsan
_c2013
300 _a142 sayfa; 24 cm.
336 _ametin
_btxt
_2rdacontent
337 _aaracısız
_bn
_2rdamedia
338 _acilt
_bnc
_2rdacarrier
490 1 _aYeni İnsan Yayınevi ;
_v59.
490 1 _aSanat ;
_v2.
650 0 _aMusic--Turkey.
_963331
830 1 _aYeni İnsan Yayınevi ;
_v59.
_914375
830 1 _aSanat ;
_v2.
_922397
942 _2lcc
_cBK
999 _c52995
_d52995